000 00750nam a2200265Ia 4500
003 OSt
005 20240927111059.0
006 a|||||r|||| 00| 0
007 ta
008 220927b |||||||| |||| 00| 0 eng d
020 _a9780761966364
024 _a68230
037 _cTextual
040 _aSDCL
_cSDCL
_beng
041 _2eng
_aeng
082 _aS8g P3
100 _aHogg, Michael A .Ed.
245 0 _aSage handbook of social psychology :
260 _aLondon :
_bSage Publications,
_c2003.
300 _axxi,525p.
_ccm.
650 _aSocial Psychology-Handbooks
_9464135
700 _a Cooper, Joel Ed.
_9470808
942 _hS8g P3
_cTEXL
_2CC
999 _c787144
_d787144